VIII Congreso de Historia de la Corona de Aragón. (Record n. 5524)

Dettagli MARC
000 -LEADER
fixed length control field 00820nam a22002051i 4500
003 - CONTROL NUMBER IDENTIFIER
control field IT-RoINE
005 - DATE AND TIME OF LATEST TRANSACTION
control field 20160712044905.0
008 - FIXED-LENGTH DATA ELEMENTS--GENERAL INFORMATION
fixed length control field 900725m19691973sp r 0 spa d
040 ## - CATALOGING SOURCE
Original cataloging agency SpMaBN
Language of cataloging spa
Transcribing agency IT-RoINE
111 2# - MAIN ENTRY--MEETING NAME
9 (RLIN) 11755
Meeting name or jurisdiction name as entry element Congreso de historia de la Corona de Aragón
Number of part/section/meeting (8º.
Date of meeting 1967.
Location of meeting Valencia, España)
245 10 - TITLE STATEMENT
Title VIII Congreso de Historia de la Corona de Aragón.
260 1# - PUBLICATION, DISTRIBUTION, ETC. (IMPRINT)
Place of publication, distribution, etc Valencia :
Name of publisher, distributor, etc [s.n.],
Date of publication, distribution, etc 1969-1973.
300 ## - PHYSICAL DESCRIPTION
Extent v. :
Other physical details lám., cuadr. pleg. ;
Dimensions 25 cm.
336 ## - CONTENT TYPE
Source rdacontent
Content type term text
337 ## - MEDIA TYPE
Source rdamedia
Media type term unmediated
338 ## - CARRIER TYPE
Source rdacarrier
Carrier type term volume
505 1# - FORMATTED CONTENTS NOTE
Formatted contents note I: Comisiones, circulares, discursos y crónica -- II (v. 1-3): La Corona de Aragón en el siglo XIV -- III (v. 1-2): La Corona de Aragón en el siglo XVI.
651 #4 - SUBJECT ADDED ENTRY--GEOGRAPHIC NAME
Geographic name Aragón (Reino)
General subdivision Historia
Form subdivision Congresos
9 (RLIN) 9696
942 ## - ADDED ENTRY ELEMENTS (KOHA)
Item type Monografías
Dati di copia
Withdrawn status Lost status Damaged status Not for loan Home library Current library Date acquired Total Checkouts Full call number Barcode Date last seen Price effective from Koha item type Public note
        Iglesia Nacional Española en Roma Iglesia Nacional Española en Roma 15/09/2014   HIS.ESP.2. 241.1 6732 15/09/2014 15/09/2014 Monografías V. I: Comisiones, circulares, discursos y crónica
        Iglesia Nacional Española en Roma Iglesia Nacional Española en Roma 15/09/2014   HIS.ESP.2. 241.2 (1) 6733 15/09/2014 15/09/2014 Monografías V. II (pt. 1): La Corona de Aragón en el siglo XIV
        Iglesia Nacional Española en Roma Iglesia Nacional Española en Roma 15/09/2014   HIS.ESP.2. 241.2 (2) 6734 15/09/2014 15/09/2014 Monografías V. II (pt. 2): La Corona de Aragón en el siglo XIV
        Iglesia Nacional Española en Roma Iglesia Nacional Española en Roma 15/09/2014   HIS.ESP.2. 241.3 (1) 6735 15/09/2014 15/09/2014 Monografías V. III (pt. 1): La Corona de Aragón en el siglo XVI
        Iglesia Nacional Española en Roma Iglesia Nacional Española en Roma 15/09/2014   HIS.ESP.2. 241.3 (2) 6736 15/09/2014 15/09/2014 Monografías V. III (pt. 2): La Corona de Aragón en el siglo XVI
        Iglesia Nacional Española en Roma Iglesia Nacional Española en Roma 07/07/2016   HIS.ESP.2. 241.2 (3) 27326 07/07/2016 07/07/2016 Monografías V. II (pt. 3): La Corona de Aragón en el siglo XIV
        Iglesia Nacional Española en Roma Iglesia Nacional Española en Roma 07/07/2016   HIS.ESP.2. 704.2 (1) 27327 07/07/2016 07/07/2016 Monografías V. II (pt. 1): La Corona de Aragón en el siglo XIV
        Iglesia Nacional Española en Roma Iglesia Nacional Española en Roma 07/07/2016   HIS.ESP.2. 704.2 (2) 27328 07/07/2016 07/07/2016 Monografías V. II (pt. 2): La Corona de Aragón en el siglo XIV
        Iglesia Nacional Española en Roma Iglesia Nacional Española en Roma 07/07/2016   HIS.ESP.2. 704.3 (1-2) 27329 07/07/2016 07/07/2016 Monografías V. III: La Corona de Aragón en el siglo XVI